[Event "BCF-chT1b 1415 (4NCL)"]
[Site "England"]
[Date "2015.01.11"]
[Round "4.184"]
[White "Bisby, Daniel L"]
[Black "Savage, Ben D"]
[Result "1/2-1/2"]
[WhiteElo "2318"]
[BlackElo "2265"]
[PlyCount "43"]
[EventDate "2014.11.15"]
[EventType "team-swiss"]
[EventRounds "11"]
[EventCountry "ENG"]
[SourceTitle "EXT 2016"]
[Source "ChessBase"]
[SourceDate "2015.10.08"]
[SourceVersion "1"]
[SourceVersionDate "2015.10.08"]
[SourceQuality "1"]
[WhiteTeam "Cambridge"]
[BlackTeam "Oxford"]
[WhiteTeamCountry "ENG"]
[BlackTeamCountry "ENG"]

1. e4 d5 2. exd5 Qxd5 3. Nc3 Qd6 4. d4 Nf6 5. Nf3 c6 6. g3 Bg4 7. Bg2 e6 8. 0-0 Be7 9. Bf4 Qd8 10. h3 Bh5 11. g4 Bg6 12. Ne5 Nbd7 13. Nxg6 hxg6 14. Ne2 Nb6 15. Qd3 Bd6 16. Rfe1 Nbd5 17. Bxd6 Qxd6 18. c4 Ne7 19. b4 Rd8 20. a4 0-0 21. Qb3 Rd7 22. a5 1/2-1/2

[Event "BCF-chT1a 1314 (4NCL)"]
[Site "England"]
[Date "2014.01.11"]
[Round "3.135"]
[White "Savage, Ben D"]
[Black "Haydon, David Leslie"]
[Result "1/2-1/2"]
[WhiteElo "2269"]
[BlackElo "2280"]
[PlyCount "67"]
[EventDate "2013.11.16"]
[EventType "team-tourn"]
[EventRounds "7"]
[EventCountry "ENG"]
[SourceTitle "EXT 2015"]
[Source "ChessBase"]
[SourceDate "2014.11.20"]
[SourceVersion "1"]
[SourceVersionDate "2014.11.20"]
[SourceQuality "1"]
[WhiteTeam "Oxford"]
[BlackTeam "Wood Green Hilsmark II"]
[WhiteTeamCountry "ENG"]
[BlackTeamCountry "ENG"]

1. Nf3 c6 2. c4 d5 3. b3 Nf6 4. Bb2 Bf5 5. g3 e6 6. Bg2 Nbd7 7. 0-0 Be7 8. d3 0-0 9. Nbd2 a5 10. a3 Qb6 11. Nh4 Bg6 12. Nxg6 hxg6 13. d4 Rfd8 14. Qc2 c5 15. cxd5 exd5 16. e3 cxd4 17. Bxd4 Bc5 18. Nf3 Bxd4 19. Nxd4 Rac8 20. Qe2 Nc5 21. Rab1 Nce4 22. Rbc1 Rc5 23. Rc2 Rdc8 24. Rfc1 Rxc2 25. Rxc2 Rc5 26. Qd3 Qd6 27. b4 axb4 28. axb4 Rxc2 29. Qxc2 Qxb4 30. Qc8+ Kh7 31. Qh3+ Kg8 32. Qc8+ Kh7 33. Qh3+ Kg8 34. Qc8+ 1/2-1/2

[Event "BCF-chTb 1112 (4NCL)"]
[Site "England"]
[Date "2012.02.11"]
[Round "5.52"]
[White "Wells, Peter K"]
[Black "Savage, Ben D"]
[Result "1-0"]
[WhiteElo "2499"]
[BlackElo "2278"]
[PlyCount "113"]
[EventDate "2011.11.12"]
[EventType "team-tourn"]
[EventRounds "7"]
[EventCountry "ENG"]
[SourceTitle "EXT 2013"]
[Source "ChessBase"]
[SourceDate "2012.11.22"]
[SourceVersion "1"]
[SourceVersionDate "2012.11.22"]
[SourceQuality "1"]
[WhiteTeam "White Rose"]
[BlackTeam "Oxford"]
[WhiteTeamCountry "ENG"]
[BlackTeamCountry "ENG"]

1. e4 e5 2. Nf3 Nc6 3. Bb5 a6 4. Ba4 Nf6 5. 0-0 Be7 6. Bxc6 dxc6 7. d3 Nd7 8. b3 c5 9. Bb2 f6 10. Nh4 Nf8 11. Nd2 Be6 12. Nf5 g6 13. Nxe7 Qxe7 14. f4 exf4 15. Rxf4 Nd7 16. Qe2 0-0 17. Raf1 Rf7 18. g4 Raf8 19. Qg2 Qd6 20. g5 fxg5 21. Rxf7 Rxf7 22. Rxf7 Kxf7 23. Qxg5 Ke8 24. Nf3 Qf8 25. Kf2 Qe7 26. Qf4 Qd6 27. Qh6 Bg8 28. Ke3 Qf8 29. Qg5 Qe7 30. Qf4 Qd6 31. Qh6 Qf8 32. Bg7 Qe7 33. h4 Qe6 34. Bb2 Qd6 35. Qg7 Qf8 36. Qh8 Kd8 37. Ng5 h5 38. Bg7 Qe8 39. Bf6+ Kc8 40. Qg7 b6 41. Be7 Nb8 42. Bf8 Be6 43. Qe5 Bd7 44. Qxe8+ Bxe8 45. c3 Nc6 46. d4 cxd4+ 47. cxd4 Kd7 48. e5 Nd8 49. d5 Bf7 50. e6+ Ke8 51. exf7+ Kxf8 52. Ne6+ Nxe6 53. dxe6 c5 54. Ke4 b5 55. Kd5 c4 56. bxc4 bxc4 57. Kd6 1-0

[Event "Gatwick e2e4 int op-A"]
[Site "Gatwick"]
[Date "2011.10.30"]
[Round "9"]
[White "Savage, Ben D"]
[Black "Chernoff, John"]
[Result "1-0"]
[WhiteElo "2262"]
[BlackElo "2140"]
[PlyCount "121"]
[EventDate "2011.10.26"]
[EventType "swiss"]
[EventRounds "9"]
[EventCountry "ENG"]
[SourceTitle "EXT 2014"]
[Source "ChessBase"]
[SourceDate "2013.11.20"]
[SourceVersion "1"]
[SourceVersionDate "2013.11.20"]
[SourceQuality "1"]

1. e4 e5 2. Nf3 Nc6 3. Bc4 Bc5 4. c3 Qe7 5. 0-0 d6 6. h3 Nf6 7. d3 Bb6 8. a4 Be6 9. Nbd2 0-0 10. Re1 Kh8 11. Nf1 d5 12. exd5 Bxd5 13. Bxd5 Nxd5 14. a5 Nxa5 15. Nxe5 Qh4 16. d4 Rad8 17. Ng3 f5 18. Nf3 Qf6 19. Bg5 Qd6 20. Bxd8 Qxd8 21. Qe2 Nf4 22. Qe3 Nd5 23. Qg5 Qxg5 24. Nxg5 h6 25. Nf3 c6 26. Ne5 Kh7 27. Nf1 Bc7 28. Nd2 b5 29. Nd3 Bb6 30. Re6 Rb8 31. Rae1 Nc4 32. Nxc4 bxc4 33. Ne5 Bc7 34. Nxc4 Nf4 35. Rxc6 Rb7 36. Re7 Nd5 37. Rd7 Bh2+ 38. Kxh2 Rxd7 39. Rd6 Nb6 40. Rxd7 Nxd7 41. Kg3 g5 42. Kf3 Kg7 43. Ke3 Nf6 44. Kd3 Kf7 45. Nd6+ Ke6 46. Nb5 a5 47. c4 g4 48. h4 f4 49. Nc3 g3 50. f3 Kf5 51. Ne2 Ne8 52. c5 Nc7 53. Kc4 Na6 54. d5 Ke5 55. d6 Ke6 56. Nxf4+ Kd7 57. Kb5 Nb4 58. Kxa5 Nc2 59. Kb6 Nb4 60. Kb5 Nc6 61. Ne2 1-0

[Event "Gatwick e2e4 int op-A"]
[Site "Gatwick"]
[Date "2011.10.29"]
[Round "7"]
[White "Savage, Ben D"]
[Black "Slavin, Alexei"]
[Result "0-1"]
[WhiteElo "2262"]
[BlackElo "2399"]
[PlyCount "54"]
[EventDate "2011.10.26"]
[EventType "swiss"]
[EventRounds "9"]
[EventCountry "ENG"]
[SourceTitle "EXT 2014"]
[Source "ChessBase"]
[SourceDate "2013.11.20"]
[SourceVersion "1"]
[SourceVersionDate "2013.11.20"]
[SourceQuality "1"]

1. d4 Nf6 2. c4 e6 3. Nc3 Bb4 4. Qc2 d5 5. a3 Be7 6. cxd5 Nxd5 7. e4 Nxc3 8. Qxc3 0-0 9. Bf4 Bd6 10. Be3 f5 11. e5 Be7 12. Bc4 f4 13. Bd2 c5 14. Nf3 Nc6 15. dxc5 Bxc5 16. b4 Bd4 17. Nxd4 Nxd4 18. Rd1 b5 19. Bc1 Qg5 20. Rxd4 Qxg2 21. Rf1 bxc4 22. Bxf4 Bb7 23. Qg3 Rad8 24. Qc3 Be4 25. Qxc4 Rxd4 26. Qxd4 Rxf4 27. f3 Bxf3 0-1

[Event "Gatwick e2e4 int op-A"]
[Site "Gatwick"]
[Date "2011.10.29"]
[Round "6"]
[White "Savage, Ben D"]
[Black "Williams, Simon Kim"]
[Result "1-0"]
[WhiteElo "2262"]
[BlackElo "2512"]
[PlyCount "111"]
[EventDate "2011.10.26"]
[EventType "swiss"]
[EventRounds "9"]
[EventCountry "ENG"]
[SourceTitle "EXT 2014"]
[Source "ChessBase"]
[SourceDate "2013.11.20"]
[SourceVersion "1"]
[SourceVersionDate "2013.11.20"]
[SourceQuality "1"]

1. d4 e6 2. c4 b6 3. a3 g6 4. Nf3 Bg7 5. Nc3 Bb7 6. e3 d6 7. Bd3 Nd7 8. Bd2 Ne7 9. Qe2 a6 10. Be4 c6 11. h4 h6 12. Bc2 Qc7 13. e4 b5 14. Bf4 e5 15. dxe5 dxe5 16. Be3 Nf8 17. Bb3 Bc8 18. cxb5 axb5 19. Rc1 Qb7 20. 0-0 Be6 21. Nd2 Rd8 22. Rfd1 Bxb3 23. Nxb3 Rxd1+ 24. Rxd1 Ne6 25. Nc5 Nxc5 26. Bxc5 0-0 27. Qd3 Re8 28. Qd7 Qxd7 29. Rxd7 Bf8 30. Rc7 Kg7 31. g3 g5 32. hxg5 hxg5 33. Bxe7 Bxe7 34. Rxc6 b4 35. axb4 Bxb4 36. Nd5 Bf8 37. Kg2 Rb8 38. Rc2 Rb3 39. Kh3 Rb5 40. Kg4 Bc5 41. Kxg5 Bd4 42. b4 Rb8 43. f3 Rh8 44. Ne7 f6+ 45. Kg4 Kf7 46. Nf5 Rg8+ 47. Kh3 Rh8+ 48. Kg2 Bb6 49. Rc6 Rb8 50. b5 Ba5 51. Ra6 Bb4 52. Ra7+ Kg8 53. Ra6 Kf7 54. Ne3 Be7 55. Nd5 Bd8 56. Rd6 1-0

[Event "Gatwick e2e4 int op-A"]
[Site "Gatwick"]
[Date "2011.10.28"]
[Round "4"]
[White "Savage, Ben D"]
[Black "Arkell, Keith C"]
[Result "1/2-1/2"]
[WhiteElo "2262"]
[BlackElo "2409"]
[PlyCount "105"]
[EventDate "2011.10.26"]
[EventType "swiss"]
[EventRounds "9"]
[EventCountry "ENG"]
[SourceTitle "EXT 2014"]
[Source "ChessBase"]
[SourceDate "2013.11.20"]
[SourceVersion "1"]
[SourceVersionDate "2013.11.20"]
[SourceQuality "1"]

1. d4 Nf6 2. c4 e6 3. Nc3 Bb4 4. Qc2 c5 5. dxc5 Nc6 6. Nf3 Bxc5 7. Bg5 Nd4 8. Nxd4 Bxd4 9. e3 Qa5 10. exd4 Qxg5 11. Qd2 Qxd2+ 12. Kxd2 b6 13. Bd3 Bb7 14. f3 Ke7 15. Rac1 g5 16. Be4 Rab8 17. Bxb7 Rxb7 18. Ne4 Rg8 19. Nxf6 Kxf6 20. Rc3 Ke7 21. Re1 Rg6 22. h3 h5 23. g4 hxg4 24. hxg4 Rh6 25. Re2 Rb8 26. b4 Rc8 27. c5 bxc5 28. dxc5 Rb8 29. Rb3 d6 30. cxd6+ Kxd6 31. a3 Rb5 32. Rd3+ Rd5 33. Rxd5+ Kxd5 34. Ke3 Rh1 35. Rc2 f6 36. Rc5+ Kd6 37. Ra5 Rh7 38. Ke4 Rc7 39. Ra6+ Ke7 40. b5 Rb7 41. a4 Rd7 42. Rc6 Kf7 43. a5 Ke7 44. b6 axb6 45. Rxb6 Rd1 46. a6 Ra1 47. Rb7+ Kd6 48. a7 Ra4+ 49. Ke3 Ra3+ 50. Ke4 Ra4+ 51. Ke3 Ra3+ 52. Ke4 Ra4+ 53. Ke3 1/2-1/2

[Event "Gatwick e2e4 int op-A"]
[Site "Gatwick"]
[Date "2011.10.27"]
[Round "2"]
[White "Savage, Ben D"]
[Black "Andersen, Niels Erik"]
[Result "1-0"]
[WhiteElo "2262"]
[BlackElo "2018"]
[PlyCount "71"]
[EventDate "2011.10.26"]
[EventType "swiss"]
[EventRounds "9"]
[EventCountry "ENG"]
[SourceTitle "EXT 2014"]
[Source "ChessBase"]
[SourceDate "2013.11.20"]
[SourceVersion "1"]
[SourceVersionDate "2013.11.20"]
[SourceQuality "1"]

1. c4 e6 2. d4 d5 3. Nc3 Nf6 4. cxd5 exd5 5. Bg5 Be7 6. e3 0-0 7. Bd3 c6 8. Qc2 Nbd7 9. Nge2 Re8 10. 0-0 Ne4 11. Bxe7 Qxe7 12. Rae1 Ndf6 13. f3 Nxc3 14. Nxc3 g6 15. Qf2 Be6 16. a3 Rad8 17. Bb1 Qd7 18. Rd1 Qe7 19. Rfe1 Qf8 20. Qh4 Qg7 21. Kh1 Rd7 22. Rd2 Rde7 23. Rf1 g5 24. Qf2 Qh6 25. e4 Nh5 26. Kg1 dxe4 27. fxe4 Bc4 28. Bd3 Bxd3 29. Rxd3 Nf4 30. Rf3 Rd8 31. d5 cxd5 32. Nxd5 Rxd5 33. Rxf4 Rdd7 34. Rf5 Qg7 35. Qxa7 Rxe4 36. Qb8+ 1-0

[Event "Sunningdale e2e4 Masters-C"]
[Site "Sunningdale"]
[Date "2011.08.12"]
[Round "4"]
[White "Savage, Ben D"]
[Black "Holland, James P"]
[Result "1/2-1/2"]
[WhiteElo "2263"]
[BlackElo "2196"]
[PlyCount "100"]
[EventDate "2011.08.10"]
[EventType "tourn"]
[EventRounds "9"]
[EventCountry "ENG"]
[EventCategory "1"]
[SourceTitle "CBM 143 Extra"]
[Source "ChessBase"]
[SourceDate "2011.08.29"]
[SourceVersion "1"]
[SourceVersionDate "2011.08.29"]
[SourceQuality "1"]

1. Nf3 d5 2. c4 e6 3. d4 c5 4. cxd5 exd5 5. Bg5 Be7 6. Bxe7 Nxe7 7. dxc5 Qa5+ 8. Nc3 0-0 9. Qd4 Nbc6 10. Qa4 Qxc5 11. e3 Bf5 12. Rd1 a6 13. Rd2 b5 14. Qd1 Rad8 15. Nd4 Be4 16. Bd3 Bxd3 17. Nxc6 Nxc6 18. Rxd3 d4 19. exd4 Rfe8+ 20. Re3 Nxd4 21. 0-0 Rxe3 22. fxe3 Nc6 23. Qf3 Ne5 24. Qf4 f6 25. Ne4 Qb6 26. b3 Rd3 27. Re1 Qa5 28. Rc1 Qd8 29. Nf2 Rd2 30. Qf5 Kf7 31. Qh5+ Kg8 32. Qf5 g6 33. Qe6+ Kg7 34. Rf1 Rd6 35. Qh3 Qa8 36. Rc1 Rc6 37. Rd1 Rc2 38. Qe6 Qc8 39. Qe7+ Nf7 40. Ne4 Rxg2+ 41. Kxg2 Qg4+ 42. Kf2 Qxd1 43. Qxf6+ Kg8 44. Qc3 Nd6 45. Ng3 Qd5 46. Qf6 Ne4+ 47. Nxe4 Qxe4 48. Qxa6 Qf5+ 49. Kg3 Qe5+ 50. Kg2 Qe4+ 1/2-1/2

[Event "Sunningdale e2e4 Masters-C"]
[Site "Sunningdale"]
[Date "2011.08.11"]
[Round "3"]
[White "Byron, Alan M"]
[Black "Savage, Ben D"]
[Result "1-0"]
[WhiteElo "2223"]
[BlackElo "2263"]
[PlyCount "72"]
[EventDate "2011.08.10"]
[EventType "tourn"]
[EventRounds "9"]
[EventCountry "ENG"]
[EventCategory "1"]
[SourceTitle "CBM 143 Extra"]
[Source "ChessBase"]
[SourceDate "2011.08.29"]
[SourceVersion "1"]
[SourceVersionDate "2011.08.29"]
[SourceQuality "1"]

1. e4 e5 2. Nf3 Nc6 3. Bb5 a6 4. Ba4 Nf6 5. 0-0 Be7 6. Re1 b5 7. Bb3 0-0 8. c3 d6 9. h3 Bb7 10. a4 Qd7 11. d4 Rae8 12. axb5 axb5 13. d5 Nb8 14. c4 bxc4 15. Bxc4 Qc8 16. Nc3 Ba6 17. Qe2 Bxc4 18. Qxc4 c6 19. Ra7 Nfd7 20. Be3 cxd5 21. Qxc8 Rxc8 22. Nxd5 Bd8 23. b4 f5 24. Bg5 fxe4 25. Bxd8 Rcxd8 26. Ng5 Nc6 27. Ra6 Ndb8 28. Rb6 h6 29. Ne6 Kf7 30. Nxf8 Kxf8 31. Rxe4 Kf7 32. Rc4 Nd4 33. Rc7+ Ke6 34. Ne3 Nd7 35. Rbb7 d5 36. Nxd5 Kd6 1-0

[Event "Sunningdale e2e4 Masters-C"]
[Site "Sunningdale"]
[Date "2011.08.11"]
[Round "2"]
[White "Savage, Ben D"]
[Black "Neelotpal, Das"]
[Result "1-0"]
[WhiteElo "2263"]
[BlackElo "2453"]
[PlyCount "67"]
[EventDate "2011.08.10"]
[EventType "tourn"]
[EventRounds "9"]
[EventCountry "ENG"]
[EventCategory "1"]
[SourceTitle "CBM 143 Extra"]
[Source "ChessBase"]
[SourceDate "2011.08.29"]
[SourceVersion "1"]
[SourceVersionDate "2011.08.29"]
[SourceQuality "1"]

1. c4 e5 2. g3 Nf6 3. Bg2 d5 4. cxd5 Nxd5 5. Nc3 Nb6 6. Nf3 Nc6 7. 0-0 Be7 8. a3 0-0 9. b4 Be6 10. Rb1 f6 11. d3 Qd7 12. Bb2 Rfd8 13. Qc2 Bf8 14. Ne4 Qf7 15. b5 Na5 16. Bc3 Nb3 17. Nfg5 fxg5 18. Nxg5 Qf6 19. Nxe6 Nd4 20. Bxd4 Qxe6 21. Bb2 Nd5 22. Qc4 Rd6 23. Rfc1 a6 24. e4 Nb6 25. Qxe6+ Rxe6 26. Rxc7 Na4 27. Bh3 Ree8 28. Bc1 Nc5 29. bxa6 Rxa6 30. Be3 Nxd3 31. Rb3 Rd8 32. Bf1 Rad6 33. Rcc3 Ne1 34. Be2 1-0

[Event "BCF-chT1b 1011 (4NCL)"]
[Site "England"]
[Date "2011.02.20"]
[Round "6"]
[White "Savage, Ben D"]
[Black "Morrison, Graham"]
[Result "1/2-1/2"]
[WhiteElo "2289"]
[BlackElo "2340"]
[PlyCount "42"]
[EventDate "2010.11.06"]
[EventType "team-tourn"]
[EventRounds "7"]
[EventCountry "ENG"]
[SourceTitle "EXT 2012"]
[Source "ChessBase"]
[SourceDate "2011.11.24"]
[SourceVersion "1"]
[SourceVersionDate "2011.11.24"]
[SourceQuality "1"]
[WhiteTeam "Oxford"]
[BlackTeam "Barbican II"]
[WhiteTeamCountry "ENG"]
[BlackTeamCountry "ENG"]

1. d4 Nf6 2. c4 e6 3. Nc3 Bb4 4. Qc2 0-0 5. a3 Bxc3+ 6. Qxc3 b6 7. Bg5 Bb7 8. e3 d6 9. Ne2 Nbd7 10. Qd3 c5 11. Nc3 Qe7 12. f3 Rfd8 13. Be2 h6 14. Bh4 Nf8 15. 0-0 N8h7 16. Bf2 cxd4 17. Qxd4 e5 18. Qd2 d5 19. cxd5 Nxd5 20. Rfd1 e4 21. Nxd5 Rxd5 1/2-1/2

[Event "BCF-chT1b 1011 (4NCL)"]
[Site "England"]
[Date "2011.01.16"]
[Round "4.18"]
[White "Slavin, Alexei"]
[Black "Savage, Ben D"]
[Result "1-0"]
[WhiteElo "2425"]
[BlackElo "2289"]
[PlyCount "127"]
[EventDate "2010.11.06"]
[EventType "team-tourn"]
[EventRounds "7"]
[EventCountry "ENG"]
[SourceTitle "EXT 2012"]
[Source "ChessBase"]
[SourceDate "2011.11.24"]
[SourceVersion "1"]
[SourceVersionDate "2011.11.24"]
[SourceQuality "1"]
[WhiteTeam "e2e4.org.uk"]
[BlackTeam "Oxford"]
[WhiteTeamCountry "ENG"]
[BlackTeamCountry "ENG"]

1. d4 Nf6 2. c4 c5 3. d5 b5 4. cxb5 a6 5. bxa6 d6 6. Nc3 Bxa6 7. Nf3 g6 8. g3 Bg7 9. e4 Bxf1 10. Kxf1 Nbd7 11. Kg2 0-0 12. Qc2 Qb6 13. a4 Rfb8 14. Nb5 Ne8 15. Bg5 Nc7 16. Bxe7 Nxb5 17. axb5 f6 18. Rxa8 Rxa8 19. Nd2 Ne5 20. Re1 Qc7 21. Bxd6 Qxd6 22. f4 Nd7 23. Nc4 Qb8 24. Qb3 Qb7 25. d6 Kf8 26. Kh3 Rb8 27. e5 fxe5 28. fxe5 Qd5 29. e6 Ne5 30. e7+ Ke8 31. Nd2 Qxb3 32. Nxb3 Rxb5 33. Ra1 Nd7 34. Nxc5 Rb8 35. Nxd7 Kxd7 36. Ra7+ Ke6 37. d7 Kxe7 38. d8Q+ Kxd8 39. Rxg7 Rxb2 40. Rxh7 Ke8 41. Kg4 Kf8 42. Kg5 Kg8 43. Rh6 Kf7 44. Rh7+ Kg8 45. Ra7 Rxh2 46. Kxg6 Kf8 47. Ra8+ Ke7 48. g4 Rg2 49. g5 Rg1 50. Rg8 Rg2 51. Kh7 Kf7 52. g6+ Kf6 53. Rf8+ Ke7 54. Rf7+ Ke6 55. Rf1 Re2 56. g7 Rh2+ 57. Kg8 Rh3 58. Re1+ Kd7 59. Re5 Kd6 60. Re4 Kd7 61. Kf7 Rf3+ 62. Kg6 Rg3+ 63. Kf6 Kd8 64. Re5 1-0

[Event "BCF-chT1b 1011 (4NCL)"]
[Site "England"]
[Date "2011.01.15"]
[Round "3.18"]
[White "Savage, Ben D"]
[Black "Wells, Peter K"]
[Result "1/2-1/2"]
[WhiteElo "2289"]
[BlackElo "2487"]
[PlyCount "86"]
[EventDate "2010.11.06"]
[EventType "team-tourn"]
[EventRounds "7"]
[EventCountry "ENG"]
[SourceTitle "EXT 2012"]
[Source "ChessBase"]
[SourceDate "2011.11.24"]
[SourceVersion "1"]
[SourceVersionDate "2011.11.24"]
[SourceQuality "1"]
[WhiteTeam "Oxford"]
[BlackTeam "White Rose"]
[WhiteTeamCountry "ENG"]
[BlackTeamCountry "ENG"]

1. d4 Nf6 2. c4 e6 3. Nc3 Bb4 4. Qc2 0-0 5. a3 Bxc3+ 6. Qxc3 Ne4 7. Qc2 f5 8. Nh3 d6 9. f3 Nf6 10. e3 e5 11. dxe5 dxe5 12. Bd2 Qe7 13. Be2 c5 14. Nf2 Nc6 15. Bc3 Nh5 16. g3 f4 17. gxf4 exf4 18. e4 Rd8 19. Bd3 Nd4 20. Bxd4 Rxd4 21. 0-0-0 Qe5 22. Rd2 Be6 23. Rhd1 Rad8 24. Bf1 Nf6 25. Rxd4 Rxd4 26. Rxd4 Qxd4 27. Qd2 Qxd2+ 28. Kxd2 Nd7 29. Bh3 Bxh3 30. Nxh3 Ne5 31. Nxf4 Nxc4+ 32. Kc3 Ne5 33. Nd3 Nxf3 34. Nxc5 b6 35. Nd3 Nxh2 36. Kd4 Kf7 37. Kd5 Ng4 38. e5 h5 39. e6+ Ke7 40. Nf4 Ne3+ 41. Ke5 Ng4+ 42. Kd5 Nf6+ 43. Ke5 Ng4+ 1/2-1/2

[Event "BCF-chT1d 0910 (4NCL) Demotion pool"]
[Site "England"]
[Date "2010.05.02"]
[Round "10.2"]
[White "Savage, Ben D"]
[Black "Posazhennikov, Alex"]
[Result "1/2-1/2"]
[WhiteElo "2290"]
[BlackElo "2252"]
[PlyCount "136"]
[EventDate "2009.10.24"]
[EventType "team-tourn"]
[EventRounds "4"]
[EventCountry "ENG"]
[SourceTitle "EXT 2011"]
[Source "ChessBase"]
[SourceDate "2010.11.26"]
[SourceVersion "1"]
[SourceVersionDate "2010.11.26"]
[SourceQuality "1"]
[WhiteTeam "Oxford"]
[BlackTeam "Poisoned Pawns"]
[WhiteTeamCountry "ENG"]
[BlackTeamCountry "ENG"]

1. d4 f5 2. g3 Nf6 3. Bg2 e6 4. c4 d5 5. Nf3 c6 6. 0-0 Be7 7. Qc2 0-0 8. Ne5 Nbd7 9. cxd5 exd5 10. Nd3 Ne4 11. f3 Nd6 12. Nc3 Qb6 13. e3 Nf6 14. b3 Nf7 15. Bd2 Bd7 16. Rae1 Rac8 17. Kh1 c5 18. dxc5 Bxc5 19. Nxc5 Qxc5 20. Qd3 Rfd8 21. Qd4 Ng5 22. Qxc5 Rxc5 23. e4 Nxf3 24. Rxf3 dxe4 25. Rf2 Ng4 26. Rfe2 e3 27. Bxe3 Rxc3 28. Bd5+ Kh8 29. Bxa7 Nf6 30. Bxb7 Bc6+ 31. Bxc6 Rxc6 32. Re7 Kg8 33. R7e2 Ne4 34. Bg1 Rd3 35. Kg2 Kf7 36. Rb2 h5 37. b4 h4 38. gxh4 Rg6+ 39. Kh1 Rh3 40. Rb3 Rxh4 41. Rf1 Ng3+ 42. Rxg3 Rxg3 43. Rxf5+ Ke6 44. Rf2 Rgg4 45. b5 Rb4 46. b6 Rhg4 47. Rf1 Rb2 48. Ra1 Ra4 49. a3 g5 50. Re1+ Kf5 51. Bc5 Rh4 52. Bg1 Ra4 53. Rf1+ Kg4 54. Be3 Rb5 55. Rg1+ Kf3 56. Rg3+ Ke2 57. Rxg5 Rb1+ 58. Bg1 Rxa3 59. Rg2+ Kf1 60. Bc5 Rab3 61. Rg1+ Ke2 62. Rxb1 Rxb1+ 63. Kg2 Rb5 64. Bf2 Kd3 65. Kf3 Rf5+ 66. Kg2 Rb5 67. Kf3 Rf5+ 68. Kg2 Rb5 1/2-1/2

[Event "Coulsdon Autumn-A"]
[Site "Coulsdon"]
[Date "2009.08.22"]
[Round "1"]
[White "Savage, Ben D"]
[Black "Slavin, Alexei"]
[Result "0-1"]
[WhiteElo "2324"]
[BlackElo "2304"]
[PlyCount "176"]
[EventDate "2009.08.22"]
[EventType "tourn"]
[EventRounds "9"]
[EventCountry "ENG"]
[EventCategory "2"]
[SourceTitle "CBM 132 Extra"]
[Source "ChessBase"]
[SourceDate "2009.11.03"]
[SourceVersion "1"]
[SourceVersionDate "2009.11.03"]
[SourceQuality "1"]

1. d4 Nf6 2. c4 e6 3. Nc3 Bb4 4. Qc2 Nc6 5. Nf3 0-0 6. Bd2 d6 7. a3 Bxc3 8. Bxc3 Qe7 9. e4 e5 10. d5 Nb8 11. Be2 a5 12. c5 a4 13. cxd6 cxd6 14. Nd2 Bd7 15. 0-0 Na6 16. Rae1 Ng4 17. Nc4 b5 18. Nb6 Rab8 19. Nxd7 Qxd7 20. h3 Nh6 21. Bd2 Nc5 22. Bxh6 gxh6 23. Bg4 Qe7 24. Qd2 Qg5 25. Qc3 h5 26. Bf5 f6 27. Re3 h4 28. f4 Qh6 29. Ref3 Kh8 30. Kh2 Rb7 31. fxe5 fxe5 32. Qe1 Nb3 33. Bg4 Rxf3 34. Rxf3 Nd4 35. Rf2 Kg7 36. Qc3 Qg6 37. Qc8 Rf7 38. Rxf7+ Qxf7 39. Qd8 Qf6 40. Qd7+ Kh6 41. Kg1 Kg6 42. Bd1 h5 43. Qe8+ Kg5 44. g3 hxg3 45. Qxh5+ Kf4 46. Qg4+ Ke3 47. Qxg3+ Kxe4 48. Qg2+ Ke3 49. Qg3+ Kd2 50. Bg4 Kc1 51. Qc3+ Kb1 52. Kg2 Qf4 53. Bh5 Qe4+ 54. Kg3 Qxd5 55. Bg6+ Ka2 56. Kg4 Qe6+ 57. Kg5 Qe7+ 58. Kh5 Ne2 59. Qc2 Nf4+ 60. Kh6 Qh4+ 61. Kg7 Ne6+ 62. Kf7 Nd4 63. Qc1 Qf2+ 64. Ke7 Qxb2 65. Qxb2+ Kxb2 66. h4 b4 67. h5 bxa3 68. h6 a2 69. h7 a1Q 70. h8Q Qa3 71. Qh2+ Kc3 72. Qg3+ Kb4 73. Qe1+ Qc3 74. Qb1+ Qb3 75. Qe1+ Kc5 76. Qc1+ Qc4 77. Qa3+ Qb4 78. Qc1+ Kb6 79. Be8 a3 80. Qc8 Qc5 81. Qb8+ Ka5 82. Qa8+ Kb4 83. Bf7 d5+ 84. Kd8 Qd6+ 85. Ke8 Qc6+ 86. Qxc6 Nxc6 87. Bxd5 Nd4 88. Ke7 Nb3 0-1

[Event "Uxbridge A2Bmedialtd.com-A"]
[Site "Uxbridge"]
[Date "2009.08.16"]
[Round "9"]
[White "Kilpatrick, Callum"]
[Black "Savage, Ben D"]
[Result "1-0"]
[WhiteElo "2226"]
[BlackElo "2324"]
[PlyCount "89"]
[EventDate "2009.08.12"]
[EventType "tourn"]
[EventRounds "9"]
[EventCountry "ENG"]
[EventCategory "2"]
[SourceTitle "CBM 131 Extra"]
[Source "ChessBase"]
[SourceDate "2009.09.03"]
[SourceVersion "2"]
[SourceVersionDate "2009.09.16"]
[SourceQuality "1"]

1. e4 e5 2. Nf3 Nc6 3. Bb5 a6 4. Ba4 Nf6 5. 0-0 Be7 6. d3 b5 7. Bb3 d6 8. a4 Bg4 9. c3 0-0 10. Nbd2 Qd7 11. Re1 Na5 12. Bc2 c5 13. Nf1 Nc6 14. Ng3 Nh5 15. h3 Bxf3 16. Qxf3 Nxg3 17. Qxg3 f5 18. exf5 Qxf5 19. Bb3+ c4 20. axb5 axb5 21. Rxa8 Rxa8 22. dxc4 Na5 23. Bd1 bxc4 24. Bf3 Rb8 25. Be4 Qd7 26. Qf3 Bf6 27. Qd1 Rb5 28. Bd5+ Kf8 29. Qa4 Ke7 30. Bxc4 Nxc4 31. Qxc4 Qb7 32. Qg8 h6 33. Rd1 Qb8 34. Qh7 Ke6 35. f4 Qa7+ 36. Kh1 Qf2 37. Qd3 Qb6 38. c4 Rb3 39. Qd5+ Ke7 40. c5 dxc5 41. fxe5 Bh4 42. Qd7+ Kf8 43. Rf1+ Kg8 44. Qd5+ Kh7 45. Qe4+ 1-0

[Event "Uxbridge A2Bmedialtd.com-A"]
[Site "Uxbridge"]
[Date "2009.08.13"]
[Round "3"]
[White "Lyell, Mark"]
[Black "Savage, Ben D"]
[Result "1/2-1/2"]
[WhiteElo "2288"]
[BlackElo "2324"]
[PlyCount "123"]
[EventDate "2009.08.12"]
[EventType "tourn"]
[EventRounds "9"]
[EventCountry "ENG"]
[EventCategory "2"]
[SourceTitle "CBM 131 Extra"]
[Source "ChessBase"]
[SourceDate "2009.09.03"]
[SourceVersion "2"]
[SourceVersionDate "2009.09.16"]
[SourceQuality "1"]

1. e4 c5 2. Nc3 Nc6 3. Bb5 Nd4 4. Bc4 e6 5. Nge2 Nf6 6. 0-0 a6 7. d3 b5 8. Bb3 Nxb3 9. axb3 Bb7 10. Bg5 d6 11. f4 Be7 12. f5 Ng4 13. Ng3 Bxg5 14. Qxg4 Be3+ 15. Kh1 Qg5 16. Qf3 0-0 17. Nd1 Bd4 18. c3 Be5 19. Ne3 g6 20. f6 d5 21. exd5 Bxg3 22. hxg3 exd5 23. Rae1 Rae8 24. Nc2 Qd2 25. Qf4 Qxf4 26. gxf4 Re6 27. b4 cxb4 28. Nd4 Rxf6 29. cxb4 Bc8 30. Re5 Bf5 31. Nxf5 Rxf5 32. Rxf5 gxf5 33. Ra1 Ra8 34. Kg1 d4 35. Kf2 Rc8 36. Rxa6 Rc2+ 37. Kf3 Rd2 38. Rb6 Rxd3+ 39. Ke2 Rb3 40. Rxb5 Kg7 41. Rxf5 Rxb4 42. Kd3 Rxb2 43. Rg5+ Kf6 44. g4 Rb4 45. Rd5 Rb3+ 46. Kxd4 Rg3 47. g5+ Kg7 48. Rd6 Rg1 49. Ke5 Re1+ 50. Kf5 Re2 51. Rh6 Re1 52. Rh2 Rg1 53. Rh6 Re1 54. Rd6 Re2 55. Rd8 Re1 56. Rd5 Rh1 57. Rd6 Re1 58. Rh6 Rg1 59. Rh5 Re1 60. Kg4 Rg1+ 61. Kf3 Rf1+ 62. Kg4 1/2-1/2